Latest contract from the JCT stable (Record no. 74233)

MARC details
000 -LEADER
fixed length control field 01107cab a2200217 4500
001 - CONTROL NUMBER
control field ABS67476
008 - FIXED-LENGTH DATA ELEMENTS--GENERAL INFORMATION
fixed length control field 040304n2004 000 0 eng u
035 ## - SYSTEM CONTROL NUMBER
System control number (Sirsi) u125326
100 ## - MAIN ENTRY--PERSONAL NAME
Personal name Knowles, R.
245 ## - TITLE STATEMENT
Title Latest contract from the JCT stable
260 ## - PUBLICATION, DISTRIBUTION, ETC.
Date of publication, distribution, etc. 2004
490 ## - SERIES STATEMENT
Series statement Civil Engineering Surveyor
Volume/sequential designation February 2004, 16(1)
520 ## - SUMMARY, ETC.
Summary, etc. Looks at the main points of the recently published JCT Major Project Form (MPF 2003) (J122869). It has been designed for significant projects in terms of size and complexity, to be used by experienced employers. It is less complex than JCT 1998, replacing longwinded procedures with clauses on basic rights and obligations of the parties. Amongst the changes is a provision for including professional indemnity insurance if required by the employer and the absence of the option to refer disputes to arbitration.
590 ## - LOCAL NOTE (RLIN)
Local note ABS
650 ## - SUBJECT ADDED ENTRY--TOPICAL TERM
Topical term or geographic name entry element JCT MAJOR PROJECT FORM (2003 EDITION)
650 ## - SUBJECT ADDED ENTRY--TOPICAL TERM
Topical term or geographic name entry element JCT
650 ## - SUBJECT ADDED ENTRY--TOPICAL TERM
Topical term or geographic name entry element MAJOR PROJECTS
650 ## - SUBJECT ADDED ENTRY--TOPICAL TERM
Topical term or geographic name entry element PROFESSIONAL INDEMNITY INSURANCE
690 ## - LOCAL SUBJECT ADDED ENTRY--TOPICAL TERM (OCLC, RLIN)
Topical term or geographic name as entry element BUILT ENVIRONMENT-BUILDING CONTRACT FORMS
942 ## - ADDED ENTRY ELEMENTS (KOHA)
Suppress in OPAC 0
Holdings
Withdrawn status Lost status Source of classification or shelving scheme Damaged status Not for loan Home library Current library Shelving location Date acquired Total Checkouts Full call number Barcode Date last seen Copy number Price effective from Koha item type
    Dewey Decimal Classification     London London Journal article 04/03/2004   ABS67476 125326-1001 06/08/2019 1 06/08/2019 Journal article